[Event "CHI-ch sf"]
[Site "Valparaiso"]
[Date "2015.01.28"]
[Round "4"]
[White "Ivani Ortega, Felipe"]
[Black "Basualdo, Gomez Carlos"]
[Result "0-1"]
[WhiteElo "1545"]
[BlackElo "2004"]
[PlyCount "74"]
[EventDate "2015.01.26"]
[EventType "swiss"]
[EventRounds "7"]
[EventCountry "CHI"]
[SourceTitle "CBM 164 Extra"]
[Source "ChessBase"]
[SourceDate "2015.03.02"]
[SourceVersion "1"]
[SourceVersionDate "2015.03.02"]
[SourceQuality "1"]

1. e4 e5 2. Nc3 Nf6 3. Nf3 Nc6 4. Bc4 Nxe4 5. Nxe4 d5 6. Bxd5 Qxd5 7. d3 Bg4 8. Nc3 Qa5 9. Bd2 Nd4 10. Ne2 Nxf3+ 11. gxf3 Qd5 12. Nc3 Qxf3 13. Qxf3 Bxf3 14. Rg1 0-0-0 15. Rg3 Bc6 16. 0-0-0 g6 17. Re1 f6 18. Ne4 Bxe4 19. Rxe4 Bd6 20. Bc3 Bc5 21. f4 exf4 22. Rxf4 Bd6 23. Rxf6 Bxg3 24. hxg3 Rhf8 25. Re6 Rde8 26. Re5 Rxe5 27. Bxe5 Rf2 28. b4 h5 29. a4 g5 30. a5 a6 31. Bd4 Rg2 32. Be5 h4 33. gxh4 gxh4 34. Kb2 h3 35. Kb3 h2 36. Bxh2 Rxh2 37. c4 Kd7 0-1

[Event "CHI-ch sf"]
[Site "Valparaiso"]
[Date "2015.01.26"]
[Round "1"]
[White "Basualdo, Gomez Carlos"]
[Black "Herrera, Juan"]
[Result "0-1"]
[WhiteElo "2004"]
[BlackElo "1760"]
[PlyCount "90"]
[EventDate "2015.01.26"]
[EventType "swiss"]
[EventRounds "7"]
[EventCountry "CHI"]
[SourceTitle "CBM 164 Extra"]
[Source "ChessBase"]
[SourceDate "2015.03.02"]
[SourceVersion "1"]
[SourceVersionDate "2015.03.02"]
[SourceQuality "1"]

1. e4 c6 2. d4 d5 3. e5 Bf5 4. Nf3 e6 5. Be2 c5 6. Be3 Nd7 7. 0-0 Rc8 8. Nbd2 cxd4 9. Nxd4 Bg6 10. f4 Bc5 11. N2f3 Ne7 12. Qd2 0-0 13. c3 a6 14. Bd3 Qc7 15. Bxg6 hxg6 16. Ng5 Bxd4 17. Bxd4 Nf5 18. Qd3 Rfe8 19. Qh3 Kf8 20. g4 Nh6 21. Rae1 Kg8 22. f5 gxf5 23. gxf5 exf5 24. Rxf5 Nxf5 25. Qxf5 Nf8 26. Re3 Qd7 27. Qf4 Ne6 28. Qf5 Nf8 29. Qf2 Rc6 30. Rf3 Rg6 31. h4 Re7 32. Kh2 Ne6 33. Nh3 Nxd4 34. cxd4 Qg4 35. Nf4 Rh6 36. Rh3 Rc7 37. Nxd5 Rc1 38. Nf6+ Rxf6 39. exf6 Qd1 40. Kg3 Rc2 41. Qe3 Re2 42. Qc3 Qg1+ 43. Kf4 Qf2+ 44. Rf3 Qxh4+ 45. Kf5 g6# 0-1